<?xml version="1.0" encoding="UTF-8"?>
<marc:record xmlns:marc="http://www.loc.gov/MARC21/slim">
   <marc:leader>00000nam a2200000 a 4500</marc:leader>
   <marc:datafield ind1="1" ind2=" " tag="100">
      <marc:subfield code="a">Rolke, Lothar</marc:subfield>
      <marc:subfield code="4">aut</marc:subfield>
      <marc:subfield code="e">Verfasser/-in</marc:subfield>
   </marc:datafield>
   <marc:datafield ind1=" " ind2=" " tag="653">
      <marc:subfield code="a">Protestbewegung</marc:subfield>
   </marc:datafield>
   <marc:datafield ind1=" " ind2=" " tag="653">
      <marc:subfield code="a">Deutschland</marc:subfield>
   </marc:datafield>
   <marc:datafield ind1="0" ind2="0" tag="245">
      <marc:subfield code="a">Protestbewegungen in der Bundesrepublik</marc:subfield>
   </marc:datafield>
   <marc:datafield ind1="0" ind2="0" tag="245">
      <marc:subfield code="b">eine analytische Sozialgeschichte des politischen Widerspruchs</marc:subfield>
   </marc:datafield>
   <marc:datafield ind1=" " ind2="1" tag="264">
      <marc:subfield code="a">Opladen</marc:subfield>
      <marc:subfield code="b">Westdeutscher Verl.</marc:subfield>
      <marc:subfield code="c">1987</marc:subfield>
   </marc:datafield>
   <marc:datafield ind1="1" ind2=" " tag="520">
      <marc:subfield code="a">Seit mehr als 35 Jahren artikuliert sich der politische widerspruch außerhalb von Parteien und Parlamenten in Form von Protestbewegungen. In den 50er Jahren hatten sich nacheinander die Bewegungen gegen die Wieder- und die Atombewaffnung formiert. Ostermarschbewegung, Notstandsopposition und Studentenbewegung repräsentierten in den 60er Jahren den außerparlamentarischen Protest. In den 70er und 80er Jahren entstand dann das Geflecht der neuen sozialen Bewegungen: die Bürgerinitiativ-, Ökologie- und Friedensbewegung, die Alternativ-, Frauen- und Selbsthilfebewegung. 1983 gelang diesen Gruppierungen sogar die Teilparlamentarisierung auf Bundesebene in Form einer eigenen Partei. Den Autor interessiert in seiner vorliegenden Untersuchung jenseits der ideologischen und tagespolitischen Untertöne die Frage, welche tatsächliche Bedeutung diese Bewegungen haben.</marc:subfield>
   </marc:datafield>
   <marc:datafield ind1="0" ind2=" " tag="490">
      <marc:subfield code="v">0</marc:subfield>
   </marc:datafield>
   <marc:datafield ind1=" " ind2=" " tag="300">
      <marc:subfield code="a">636 S.</marc:subfield>
   </marc:datafield>
</marc:record>
